header

Nanoreactor engineering for life sciences and medicine (Record no. 177208)

MARC details
000 -LEADER
fixed length control field 01340nam a2200337 a 4500
245 00 - TITLE STATEMENT
Title Nanoreactor engineering for life sciences and medicine
260 ## - PUBLICATION, DISTRIBUTION, ETC. (IMPRINT)
Place of publication Boston :
Name of publisher Artech House,
Year of publication c2009.
300 ## - PHYSICAL DESCRIPTION
Number of Pages x, 283 p. :
Other physical details ill. ;
490 1# - SERIES STATEMENT
Series statement Artech House engineering in medicine & biology
650 #0 - SUBJECT ADDED ENTRY--TOPICAL TERM
Topical Term Nanomedicine.
Topical Term Bioreactors.
Topical Term Microreactors.
700 1# - ADDED ENTRY--PERSONAL NAME
Personal name Ostafin, Agnes.
Personal name Landfester, Katharina.
856 40 - ELECTRONIC LOCATION AND ACCESS
Uniform Resource Identifier http://site.ebrary.com/lib/rucke/Doc?id=10312969

No items available.

© 2026 Rongo University
Contact us: librarian | system librarian | Rongo university